000 01027nam a22003131 4500
001 01107648
003 DO-SdBNP
005 20260527134146.0
007 01107648
008 920725s2008 pr spa
017 _a
_b
020 _a 9780847715817
035 _a
040 _aBPMSU
_bspa
_cBPMSU
082 _aPR863.5
_bR621q 2008
_222
100 1 _aRivera Lassén, Carmen Leonor
_eautor
_4aut.
245 1 0 _a¿Qué crees? /
_cCarmen Leonor Rivera-Lassén, Mrinali Álvarez Astacio,
_b
_h
260 _aColombia :
_bUniversidad de Puerto Rico,
_c2008
300 _a23 p. :
_bil,. ;
_c26 cm
490 0 _aNueve Pececitos;
_aSerie Igualitos
_v
500 _aPreescolares/kindergarten (4-5 años)
590 _aInventariado, 2025/VM
650 4 _aCuentos infantiles [puertorriqueños]
_v
_2
700 1 _aÁlvarez Astacio, Mrinali
_eilustraciones
700 1 _aÁlvarez, Juan
_eilustraciones
710 2 _aUniversidad de Puerto Rico
910 _aVMateo V. Control de calidad. BPMSU
942 _2ddc
_cBK
999 _c14660
_d14660